No Title (Record no. 135545)

MARC details
000 -LEADER
fixed length control field 00824cam a2200253 a 4500
003 - CONTROL NUMBER IDENTIFIER
control field OSt
005 - DATE AND TIME OF LATEST TRANSACTION
control field 20240611113148.0
008 - FIXED-LENGTH DATA ELEMENTS--GENERAL INFORMATION
fixed length control field
020 ## - INTERNATIONAL STANDARD BOOK NUMBER
International Standard Book Number 9781412902731 (Paperback.)
040 ## - CATALOGING SOURCE
Transcribing agency NUST
Original cataloging agency NUST
Language of cataloging eng
Modifying agency NUST
Description conventions rda
050 ## - LIBRARY OF CONGRESS CALL NUMBER
Classification number BF637.C6 NEI
100 1# - MAIN ENTRY--PERSONAL NAME
Relator term Author
Fuller form of name Nelson-Jones, Richard.
245 ## - TITLE STATEMENT
Title No Title
250 ## - EDITION STATEMENT
Edition statement Second edition.
260 ## - PUBLICATION, DISTRIBUTION, ETC.
Place of publication, distribution, etc. London :
Name of publisher, distributor, etc. SAGE Publications,
Date of publication, distribution, etc. c2005.
300 ## - PHYSICAL DESCRIPTION
Extent xii, 353 pages. :
Other physical details illustrations,
Dimensions 25 cm.
336 ## - CONTENT TYPE
Source :rdacontent
Content type term :text
Content type code :txt
337 ## - MEDIA TYPE
Source :rdamedia
Media type term :unmediated
Media type code :n
338 ## - CARRIER TYPE
Source :rdacarrier
Carrier type term :volume
Carrier type code :nc
504 ## - BIBLIOGRAPHY, ETC. NOTE
Bibliography, etc. note Includes bibliographical referencesand Index.
650 #0 - SUBJECT ADDED ENTRY--TOPICAL TERM
Topical term or geographic name entry element Counseling.
907 ## - LOCAL DATA ELEMENT G, LDG (RLIN)
a .b10268960
b 15-11-13
c 08-10-09
942 ## - ADDED ENTRY ELEMENTS (KOHA)
Koha item type Ordinary Loan Books
Call number prefix BF
Call number suffix NEL
Edition Third edition.
Classification part BF637.C6
Suppress in OPAC No
Source of classification or shelving scheme Library of Congress Classification
Holdings
Withdrawn status Lost status Source of classification or shelving scheme Damaged status Not for loan Collection Home library Current library Shelving location Date acquired Source of acquisition Cost, normal purchase price Total Checkouts Full call number Barcode Date last seen Cost, replacement price Price effective from Koha item type Public note
    LCC     NFIC MAIN MAIN GEN 01/23/2023 Bookaid International 80.00 2 BF637.C6 NEL 92004014149 01/23/2023 80.00 01/23/2023 BOOKS Donation